Szczegóły MARC21

Kodeks cywilny. T. 3, Komentarz : art. 627-1088 /

003 -Nazwa inst., której nr kontr. jest w polu 001 [,]
    • @
    • Nazwa instytucji, której n kontrolny jest w polu 001
    • NUKAT
005 -DATA I CZAS OSTATNIEJ MODYFIKACJI [,]
    • @
    • pole kontrolne
    • 20241231092233.0
020 -Międzynarod. znormalizowany nr książki - ISBN [ , ]
    • a
    • Numer ISBN
    • 9788382358520 Find
020 -Międzynarod. znormalizowany nr książki - ISBN [ , ]
    • a
    • Numer ISBN
    • 9788382358537 Find
040 -Instytucja sporządzająca opis [ , ]
    • a
    • Instytucja, która sporządziła opis (NP)
    • KAT U/24AG
    • b
    • Język katalogowania
    • pol
    • e
    • Zasady katalogowania
    • rda
    • c
    • Instytucja, która sporządziła rekord (NP)
    • KAT U/24AGs
942 -Rodzaj dokumentu [ , ]
    • c
    • Rodzaj dokumentu
    • Książka
245 -Strefa tytułu i oznaczenia odpowiedzialności [0,0]
    • a
    • Tytuł
    • Kodeks cywilny. Find
    • n
    • Oznaczenie części (P)
    • T. 3,
    • p
    • Nazwa części (P)
    • Komentarz : art. 627-1088 /
    • c
    • Pozostałe elementy strefy tytułu i oznaczenia odpowiedzialności (NP)
    • redaktor Maciej Gutowski ; autorzy Tomasz P. Antoszek, Kajetan Górny, Maciej Gutowski, Joanna Haberko, Andrzej Janiak, Miłosz Janiak, Jakub Kępiński, Małgorzata Łączkowska-Porawska, Maciej Mataczyński, Krzysztof Mularski, Jacek Napierała, Marcin Orlicki, Janina Panowicz-Lipska, Jakub Pokrzywniak, Agnieszka Pyrzyńska, Aleksander Raczyński, Maksymilian Saczywko, Tomasz Sokołowski, Tomasz Sójka, Aneta Suchoń, Karol Szadkowski, Robert Szyszko, Mariusz Zelek, Krzysztof Żok.
250 -Strefa wydania [ , ]
    • a
    • Oznaczenie wydania (NP)
    • 3. wydanie.
260 -Strefa adresu wydawniczego [ , ]
    • a
    • Miejsce wydania (P)
    • Warszawa :
    • b
    • Nazwa wydawcy (P)
    • Wydawnictwo C. H. Beck,
    • c
    • Data wydania (P)
    • 2022.
300 -Strefa opisu fizycznego [ , ]
    • a
    • Określenie formy książki i/lub objętość (NP)
    • XXXII, 1986 stron ;
    • c
    • Format (NP)
    • 25 cm.
336 -Typ zawartości [ , ]
    • a
    • Termin opisujący typ zawartości
    • Tekst
    • b
    • Kod określający zawartość
    • txt
    • 2
    • Źródło (terminu i kodu)
    • rdacontent
337 -Typ mediów [ , ]
    • a
    • Tryb odtwarzania
    • Bez urządzenia pośredniczącego
    • b
    • Kod typu mediów
    • n
    • 2
    • Źródło (terminu i kodu)
    • rdamedia
338 -Typ/rodzaj nośnika [ , ]
    • a
    • Hasło opisujące typ nośnika
    • Wolumin
    • b
    • Kod typu nośnika
    • nc
    • 2
    • Źródło (terminu i kodu)
    • rdacarrier
490 -Strefa serii i książki wielotomowej - forma nie do wyszukiwania [1, ]
    • a
    • Tytuł (P)
    • Duże Komentarze Becka Find
830 -Hasło dodatkowe serii i opisu książki wielotomowej - tytuł ujednolicony/tytuł [ ,0]
    • a
    • Tytuł ujednolicony/tytuł (NP)
    • Duże Komentarze Becka
    • 9
    • KHW
    • 8622
504 -Uwaga dot. bibliogr. załącznikowej [ , ]
    • a
    • Uwaga dot. bibliografii załącznikowej
    • Bibliografia na stronach XXV-XXX przy rozdziałach. Indeks.
530 -Uwaga dot. innej postaci fizycznej dokumentu [ , ]
    • a
    • Uwaga dot. innej postaci fizycznej dokumentu
    • Dostępne również w postaci elektronicznej.
650 -Hasło przedmiotowe [ ,7]
    • a
    • Hasło przedmiotowe
    • Prawo cywilne
    • x
    • Określnik rzeczowy
    • interpretacja
    • z
    • Określnik geograficzny
    • Polska.
    • 2
    • Źródło terminu
    • kaba
    • 9
    • KHW
    • 359835
650 -Hasło przedmiotowe [ ,7]
    • a
    • Hasło przedmiotowe
    • Prawo cywilne
    • z
    • Określnik geograficzny
    • Polska
    • v
    • Określnik formalny
    • kodeksy.
    • 2
    • Źródło terminu
    • kaba
    • 9
    • KHW
    • 125750
700 -Hasło dodatkowe - nazwa osobowa [1, ]
    • a
    • Nazwa osobowa (NP)
    • Gutowski, Maciej Find
    • d
    • Daty biograficzne (NP)
    • (1972- ).
    • e
    • Określenie rodzaju współpracy
    • Autor
    • e
    • Określenie rodzaju współpracy
    • Redakcja
    • 9
    • KHW
    • 167
700 -Hasło dodatkowe - nazwa osobowa [1, ]
    • a
    • Nazwa osobowa (NP)
    • Haberko, Joanna. Find
    • e
    • Określenie rodzaju współpracy
    • Autor
    • 9
    • KHW
    • 15596
700 -Hasło dodatkowe - nazwa osobowa [1, ]
    • a
    • Nazwa osobowa (NP)
    • Janiak, Andrzej Find
    • c
    • Dopowiedzenie inne niż daty biograficzne (NP)
    • (prawo).
    • e
    • Określenie rodzaju współpracy
    • Autor
    • 9
    • KHW
    • 88729
700 -Hasło dodatkowe - nazwa osobowa [1, ]
    • a
    • Nazwa osobowa (NP)
    • Mataczyński, Maciej Find
    • d
    • Daty biograficzne (NP)
    • (1975- ).
    • e
    • Określenie rodzaju współpracy
    • Autor
    • 9
    • KHW
    • 18570
700 -Hasło dodatkowe - nazwa osobowa [1, ]
    • a
    • Nazwa osobowa (NP)
    • Mularski, Krzysztof. Find
    • e
    • Określenie rodzaju współpracy
    • Autor
    • 9
    • KHW
    • 28161
700 -Hasło dodatkowe - nazwa osobowa [1, ]
    • a
    • Nazwa osobowa (NP)
    • Pyrzyńska, Agnieszka. Find
    • e
    • Określenie rodzaju współpracy
    • Autor
    • 9
    • KHW
    • 444120
700 -Hasło dodatkowe - nazwa osobowa [1, ]
    • a
    • Nazwa osobowa (NP)
    • Raczyński, Aleksander. Find
    • e
    • Określenie rodzaju współpracy
    • Autor
    • 9
    • KHW
    • 16098
700 -Hasło dodatkowe - nazwa osobowa [1, ]
    • a
    • Nazwa osobowa (NP)
    • Saczywko, Maksymilian. Find
    • e
    • Określenie rodzaju współpracy
    • Autor
    • 9
    • KHW
    • 449652
700 -Hasło dodatkowe - nazwa osobowa [1, ]
    • a
    • Nazwa osobowa (NP)
    • Sójka, Tomasz. Find
    • e
    • Określenie rodzaju współpracy
    • Autor
    • 9
    • KHW
    • 18573
700 -Hasło dodatkowe - nazwa osobowa [1, ]
    • a
    • Nazwa osobowa (NP)
    • Suchoń, Aneta. Find
    • e
    • Określenie rodzaju współpracy
    • Autor
    • 9
    • KHW
    • 74883
700 -Hasło dodatkowe - nazwa osobowa [1, ]
    • a
    • Nazwa osobowa (NP)
    • Szadkowski, Karol. Find
    • e
    • Określenie rodzaju współpracy
    • Autor
    • 9
    • KHW
    • 449649
700 -Hasło dodatkowe - nazwa osobowa [1, ]
    • a
    • Nazwa osobowa (NP)
    • Zelek, Mariusz. Find
    • e
    • Określenie rodzaju współpracy
    • Autor
    • 9
    • KHW
    • 12648
700 -Hasło dodatkowe - nazwa osobowa [1, ]
    • a
    • Nazwa osobowa (NP)
    • Górny, Kajetan. Find
    • e
    • Określenie rodzaju współpracy
    • Autor
    • 9
    • KHW
    • 487525
700 -Hasło dodatkowe - nazwa osobowa [1, ]
    • a
    • Nazwa osobowa (NP)
    • Antoszek, Tomasz. Find
    • e
    • Określenie rodzaju współpracy
    • Autor
    • 9
    • KHW
    • 449648
700 -Hasło dodatkowe - nazwa osobowa [1, ]
    • a
    • Nazwa osobowa (NP)
    • Janiak, Miłosz. Find
    • e
    • Określenie rodzaju współpracy
    • Autor
    • 9
    • KHW
    • 494815
700 -Hasło dodatkowe - nazwa osobowa [1, ]
    • a
    • Nazwa osobowa (NP)
    • Kępiński, Jakub. Find
    • e
    • Określenie rodzaju współpracy
    • Autor
    • 9
    • KHW
    • 11675
700 -Hasło dodatkowe - nazwa osobowa [1, ]
    • a
    • Nazwa osobowa (NP)
    • Łączkowska-Porawska, Małgorzata. Find
    • e
    • Określenie rodzaju współpracy
    • Autor
    • 9
    • KHW
    • 42079
700 -Hasło dodatkowe - nazwa osobowa [1, ]
    • a
    • Nazwa osobowa (NP)
    • Napierała, Jacek Find
    • d
    • Daty biograficzne (NP)
    • (1947- ).
    • e
    • Określenie rodzaju współpracy
    • Autor
    • 9
    • KHW
    • 24210
700 -Hasło dodatkowe - nazwa osobowa [1, ]
    • a
    • Nazwa osobowa (NP)
    • Orlicki, Marcin. Find
    • e
    • Określenie rodzaju współpracy
    • Autor
    • 9
    • KHW
    • 44963
700 -Hasło dodatkowe - nazwa osobowa [1, ]
    • a
    • Nazwa osobowa (NP)
    • Panowicz-Lipska, Janina Find
    • d
    • Daty biograficzne (NP)
    • (1944-2022).
    • e
    • Określenie rodzaju współpracy
    • Autor
    • 9
    • KHW
    • 9879
700 -Hasło dodatkowe - nazwa osobowa [1, ]
    • a
    • Nazwa osobowa (NP)
    • Pokrzywniak, Jakub. Find
    • e
    • Określenie rodzaju współpracy
    • Autor
    • 9
    • KHW
    • 13198
700 -Hasło dodatkowe - nazwa osobowa [1, ]
    • a
    • Nazwa osobowa (NP)
    • Szyszko, Robert. Find
    • e
    • Określenie rodzaju współpracy
    • Autor
    • 9
    • KHW
    • 495092
700 -Hasło dodatkowe - nazwa osobowa [1, ]
    • a
    • Nazwa osobowa (NP)
    • Żok, Krzysztof Find
    • c
    • Dopowiedzenie inne niż daty biograficzne (NP)
    • (prawo).
    • e
    • Określenie rodzaju współpracy
    • Autor
    • 9
    • KHW
    • 90854
700 -Hasło dodatkowe - nazwa osobowa [1, ]
    • a
    • Nazwa osobowa (NP)
    • Sokołowski, Tomasz. Find
    • e
    • Określenie rodzaju współpracy
    • Autor
    • 9
    • KHW
    • 12058
710 -Hasło dodatkowe - nazwa ciała zbiorowego [2, ]
    • a
    • Nazwa ciała zbiorowego lub nazwa geograficzna jako pierwszy element (NP)
    • Wydawnictwo C.H. Beck.
    • e
    • Rodzaj współpracy
    • Wydawca
    • 4
    • Kod relacji
    • pbl
    • 9
    • KHW
    • 52679
920 -ISBN [ , ]
    • a
    • ISBN
    • 978-83-8235-852-0 Find
920 -ISBN [ , ]
    • a
    • ISBN
    • 978-83-8235-853-7 Find
Numer inwentarzowy Lokalizacja Data inwentaryzacji Sygnatura Status udost. Obwoluta
SA.26042BSA2022-05-17SA.2604211